Drake - 8am in Charlotte Lyrics - Statistics

General Stats
  • This quiz has been taken 119 times
  • The average score is 147 of 297
Answer Stats
Answer % Correct
I
97%
a
94%
The
89%
the
89%
for
82%
it
82%
in
79%
who
79%
It's
77%
it's
77%
to
74%
he
73%
money
71%
you
71%
out
68%
out,
68%
That
68%
that
68%
bitch
66%
but
66%
call
66%
go
66%
go,
66%
they
66%
we
66%
"We
66%
boy
65%
itself,
65%
speaking
65%
work
65%
corporate
61%
from
60%
fuck
60%
fuck?
60%
top
60%
an
58%
my
58%
I'm
56%
me
56%
news,
56%
sales
56%
us,"
55%
fortune-tell
53%
him,
53%
kill
53%
like,
53%
like
53%
on
53%
so
53%
tell
53%
Breakin'
52%
Fire
52%
n***a,
52%
prevails
52%
skiin'
52%
and
50%
And
50%
is
50%
know
50%
know?
50%
tried
50%
what
50%
feel
45%
more
45%
of
45%
Chinchilla
44%
got
44%
"How
44%
Chanel,
42%
Chanel?"
42%
don't
42%
jail
42%
about
40%
brother
40%
now
40%
now,
40%
think
40%
Where
40%
another
39%
get
39%
leave
39%
moral
39%
say,
39%
sell
39%
checks
37%
citizen
37%
dogs
37%
many
37%
need
37%
peel
37%
scale
37%
shit
37%
Walk
37%
your
37%
Could
35%
film
35%
fuckin'
35%
heavy
35%
Hill
35%
Jordan
35%
Lamb'
35%
n*****s
35%
n****s
35%
orange
35%
Silence
35%
sky
35%
weighin'
35%
horror
34%
Preachin'
34%
skin
34%
talk
34%
wantin'
34%
years
34%
actions
32%
after
32%
Czechoslovakian,
32%
dominance
32%
foreign
32%
gotta
32%
green
32%
Lauryn
32%
lookin'
32%
match
32%
North,
32%
obvious
32%
October
32%
Oliver
32%
themselves
32%
Things
32%
Toronto
32%
under
32%
words
32%
'bout
31%
'cane,
31%
echoes
31%
faint
31%
fifteen
31%
gettin'
31%
glove
31%
gon'
31%
Houston
31%
kinky
31%
Knowin'
31%
Orson
31%
owed
31%
quiet
31%
restaurant
31%
statin'
31%
too
31%
tour
31%
Yugoslavian
31%
autonomous
29%
card
29%
clears
29%
doin'
29%
Formal
29%
just
29%
over
29%
Peele
29%
pen
29%
quarter
29%
right
29%
Savage
29%
Shout
29%
straight
29%
switched
29%
tails
29%
these
29%
time
29%
ushanka,
29%
Welles
29%
'Cause
27%
Cench
27%
code,
27%
Courchevel
27%
dress
27%
drop
27%
enormous
27%
Hobby
27%
much
27%
ominous
27%
tears
27%
This
27%
we're
27%
cats
26%
dawg,
26%
fourth
26%
if
26%
lobby,
26%
Mike
26%
used
26%
lobbyist
24%
meals
24%
Rome
24%
seein'
24%
tuckin'
24%
enticin'
23%
hobbyist
23%
Hoes
23%
waitin'
23%
different
21%
Jeremiah
21%
movin'
21%
real,
21%
watchdog,
21%
consulate
19%
Nah,
15%
No matching quizzes found
Score Distribution
Percent of People with Each Score
Percentile by Number Answered
Your Score History
You have not taken this quiz